[Event "Alicante op"]
[Site "Alicante"]
[Date "1992.??.??"]
[Round "6"]
[White "Topalov, Veselin"]
[Black "Boyd, Stephen"]
[Result "1-0"]
[WhiteElo "2460"]
[BlackElo "2265"]
[PlyCount "79"]
[EventDate "1992.??.??"]
[EventType "swiss"]
[EventRounds "9"]
[EventCountry "ESP"]
[SourceTitle "TD"]
[Source "ChessBase"]
[SourceDate "1994.03.01"]
[SourceVersion "1"]
[SourceVersionDate "1994.03.01"]
[SourceQuality "1"]

1. d4 g6 2. e4 Bg7 3. c4 d6 4. Nc3 Nf6 5. f3 O-O 6. Be3 e5 7. Nge2 c6 8. Qd2
exd4 9. Nxd4 d5 10. cxd5 cxd5 11. e5 Nfd7 12. f4 Nc6 13. Bb5 Nxd4 14. Bxd4 a6
15. Be2 Nb6 16. b3 Be6 17. O-O Rc8 18. Bf3 Rc6 19. Kh1 Nc8 20. Rad1 Ne7 21. b4
Rc4 22. Bc5 d4 23. Ne4 b6 24. Bxe7 Qxe7 25. Nd6 Rc7 26. Qxd4 f6 27. exf6 Qxf6
28. Qxb6 Rc2 29. Ne4 Qe7 30. Rfe1 Bxa2 31. Nc3 Qxe1+ 32. Rxe1 Bxc3 33. Rf1 Bc4
34. Be4 Re2 35. Bb7 Rb2 36. Qc5 Rxb4 37. Rd1 Rxf4 38. g3 Rf7 39. Bxa6 Bxa6 40.
Rd8+ 1-0

[Event "Alicante op"]
[Site "Alicante"]
[Date "1992.??.??"]
[Round "8"]
[White "Topalov, Veselin"]
[Black "Pigusov, Evgeny"]
[Result "1/2-1/2"]
[WhiteElo "2460"]
[BlackElo "2550"]
[PlyCount "37"]
[EventDate "1992.??.??"]
[EventType "swiss"]
[EventRounds "9"]
[EventCountry "ESP"]
[SourceTitle "TD"]
[Source "ChessBase"]
[SourceDate "1994.03.01"]
[SourceVersion "1"]
[SourceVersionDate "1994.03.01"]
[SourceQuality "1"]

1. d4 Nf6 2. c4 e6 3. Nf3 d5 4. Nc3 Be7 5. Bg5 h6 6. Bh4 O-O 7. e3 b6 8. Rc1
Bb7 9. Bxf6 Bxf6 10. cxd5 exd5 11. Bd3 c5 12. O-O Re8 13. Bb5 Rf8 14. dxc5 bxc5
15. Qb3 d4 16. Be2 Bxf3 17. Bxf3 dxc3 18. Bxa8 cxb2 19. Rc2 1/2-1/2

[Event "Aviles op"]
[Site "Aviles"]
[Date "1992.??.??"]
[Round "?"]
[White "Campos Moreno, Javier B"]
[Black "Topalov, Veselin"]
[Result "0-1"]
[WhiteElo "2505"]
[BlackElo "2460"]
[PlyCount "80"]
[EventDate "1992.??.??"]
[EventType "swiss"]
[EventRounds "9"]
[EventCountry "ESP"]
[SourceTitle "EXT 1999"]
[Source "ChessBase"]
[SourceDate "1998.11.16"]
[SourceVersion "1"]
[SourceVersionDate "1998.11.16"]
[SourceQuality "1"]

1. d4 Nf6 2. c4 c5 3. d5 b5 4. cxb5 a6 5. b6 Qxb6 6. Nc3 g6 7. e4 d6 8. a4 Bg7
9. a5 Qb4 10. Ra4 Qb7 11. Nf3 O-O 12. Be2 Bd7 13. Ra3 Bb5 14. O-O Nbd7 15. Re1
Ne8 16. Bg5 Ndf6 17. Rb3 Nc7 18. Nd2 Rad8 19. Nc4 e6 20. Na3 exd5 21. exd5 Rde8
22. Naxb5 axb5 23. Bxb5 Rxe1+ 24. Qxe1 Nfxd5 25. Ba4 Qa8 26. Nxd5 Nxd5 27. Bb5
Nb4 28. Bd2 Nc2 29. Qf1 Nd4 30. Rg3 Nxb5 31. Qxb5 Rb8 32. Qd3 Rxb2 33. h4 d5
34. Bc3 c4 35. Qd1 Bxc3 36. Rxc3 Qxa5 37. Re3 Qd2 38. Qf3 Qd4 39. g3 Rb1+ 40.
Kh2 Qd1 0-1

[Event "Aviles op"]
[Site "Aviles"]
[Date "1992.??.??"]
[Round "?"]
[White "Damljanovic, Branko"]
[Black "Topalov, Veselin"]
[Result "1/2-1/2"]
[WhiteElo "2585"]
[BlackElo "2460"]
[PlyCount "84"]
[EventDate "1992.??.??"]
[EventType "swiss"]
[EventRounds "9"]
[EventCountry "ESP"]
[SourceTitle "EXT 1999"]
[Source "ChessBase"]
[SourceDate "1998.11.16"]
[SourceVersion "1"]
[SourceVersionDate "1998.11.16"]
[SourceQuality "1"]

1. Nf3 g6 2. e4 c5 3. d4 Bg7 4. c3 cxd4 5. cxd4 d6 6. h3 Nf6 7. Nc3 O-O 8. Be2
a6 9. O-O b5 10. e5 dxe5 11. dxe5 Qxd1 12. Rxd1 Nfd7 13. Nd5 Nc6 14. e6 Nde5
15. exf7+ Nxf7 16. a4 bxa4 17. Nb6 Rb8 18. Nxc8 Rfxc8 19. Rxa4 Bxb2 20. Bxa6
Rd8 21. Rxd8+ Ncxd8 22. Be3 Nd6 23. Be2 Bf6 24. g4 Nc6 25. Kg2 Ne5 26. Nd4 Rb2
27. Bf1 Kf7 28. Nf3 Nxf3 29. Kxf3 Rb3 30. Kg2 Rb2 31. Bd3 Kg7 32. g5 Be5 33.
Ra5 Rb3 34. Bc2 Rb5 35. Rxb5 Nxb5 36. f4 Bd4 37. Bd2 Nd6 38. Kf3 e5 39. Bb4 Nf7
40. fxe5 Bxe5 41. Ke4 Bb2 42. h4 h6 1/2-1/2

[Event "Aviles op"]
[Site "Aviles"]
[Date "1992.??.??"]
[Round "?"]
[White "Gallego Jimenez, Victoriano"]
[Black "Topalov, Veselin"]
[Result "0-1"]
[WhiteElo "2405"]
[BlackElo "2460"]
[PlyCount "63"]
[EventDate "1992.??.??"]
[EventType "swiss"]
[EventRounds "9"]
[EventCountry "ESP"]
[SourceTitle "EXT 1999"]
[Source "ChessBase"]
[SourceDate "1998.11.16"]
[SourceVersion "1"]
[SourceVersionDate "1998.11.16"]
[SourceQuality "1"]

1. d4 f5 2. Nc3 d5 3. Bf4 Nf6 4. e3 e6 5. Nf3 a6 6. Ne5 c5 7. g4 fxg4 8. h3 g3
9. Bxg3 Nc6 10. Qd2 cxd4 11. exd4 Bb4 12. Nxc6 bxc6 13. Bd3 O-O 14. a3 Be7 15.
Rg1 Ra7 16. O-O-O c5 17. Bb8 Rb7 18. Be5 Kh8 19. Qg5 Rf7 20. Qh4 Ne4 21. Qg4
Bg5+ 22. f4 Nxc3 23. bxc3 Bh6 24. Qh5 c4 25. Bxh7 Rf6 26. Bg6 Qf8 27. Rg4 Bd7
28. Rdg1 Ba4 29. Rh4 Kg8 30. Rg5 Qxa3+ 31. Kd2 Rb1 32. Bf7+ 0-1

[Event "Aviles op"]
[Site "Aviles"]
[Date "1992.??.??"]
[Round "?"]
[White "Topalov, Veselin"]
[Black "Comas Fabrego, Luis"]
[Result "1-0"]
[WhiteElo "2460"]
[BlackElo "2430"]
[PlyCount "73"]
[EventDate "1992.??.??"]
[EventType "swiss"]
[EventRounds "9"]
[EventCountry "ESP"]
[SourceTitle "EXT 1999"]
[Source "ChessBase"]
[SourceDate "1998.11.16"]
[SourceVersion "1"]
[SourceVersionDate "1998.11.16"]
[SourceQuality "1"]

1. d4 Nf6 2. c4 g6 3. Nc3 Bg7 4. e4 d6 5. f3 O-O 6. Be3 e5 7. Nge2 c6 8. Qd2
Na6 9. O-O-O Be6 10. d5 cxd5 11. cxd5 Bd7 12. Kb1 Nc7 13. a3 Qe7 14. Nc1 Nh5
15. Qf2 a6 16. Nb3 f5 17. Bb6 Nb5 18. Nxb5 axb5 19. exf5 Nf4 20. g3 Bxf5+ 21.
Ka2 b4 22. gxf4 bxa3 23. bxa3 Qd7 24. fxe5 Qa4 25. Qb2 Bxe5 26. Bd4 Bc2 27.
Qxc2 Qxa3+ 28. Kb1 Rxf3 29. Bc4 b5 30. Rhf1 Rh3 31. Bxe5 bxc4 32. Bg3 Rb8 33.
Rf3 cxb3 34. Qb2 Qa4 35. Re1 Rh5 36. Bxd6 Rxd5 37. Bxb8 1-0

[Event "Aviles op"]
[Site "Aviles"]
[Date "1992.??.??"]
[Round "?"]
[White "Topalov, Veselin"]
[Black "Iruzubieta Villaluenga, Jesus Maria"]
[Result "1-0"]
[WhiteElo "2460"]
[BlackElo "2280"]
[PlyCount "59"]
[EventDate "1992.??.??"]
[EventType "swiss"]
[EventRounds "9"]
[EventCountry "ESP"]
[SourceTitle "EXT 1999"]
[Source "ChessBase"]
[SourceDate "1998.11.16"]
[SourceVersion "1"]
[SourceVersionDate "1998.11.16"]
[SourceQuality "1"]

1. e4 e5 2. Nf3 Nc6 3. Nc3 Nf6 4. d4 exd4 5. Nxd4 d6 6. Bb5 Bd7 7. O-O Be7 8.
Bxc6 bxc6 9. h3 O-O 10. Nf3 h6 11. Re1 Nh7 12. e5 Ng5 13. Nxg5 hxg5 14. Qf3 Rb8
15. exd6 cxd6 16. b3 Bf6 17. Rb1 Qa5 18. Bd2 g4 19. hxg4 Bxc3 20. Bxc3 Qg5 21.
Qg3 d5 22. Bd4 Qd2 23. Bxa7 Rb7 24. Bc5 Ra8 25. c3 Qxa2 26. b4 Be6 27. Bd4 Qc2
28. Ra1 Rbb8 29. Qd6 Bxg4 30. Rxa8 1-0

[Event "Elenite"]
[Site "Elenite"]
[Date "1992.??.??"]
[Round "1"]
[White "Razuvaev, Yuri S"]
[Black "Topalov, Veselin"]
[Result "0-1"]
[WhiteElo "2565"]
[BlackElo "2520"]
[Annotator "Hansen,Cu"]
[PlyCount "94"]
[EventDate "1992.??.??"]
[EventType "tourn"]
[EventRounds "11"]
[EventCountry "BUL"]
[EventCategory "12"]
[SourceTitle "CBM 032"]
[Source "ChessBase"]
[SourceDate "1993.02.01"]
[SourceVersion "1"]
[SourceVersionDate "1993.02.01"]
[SourceQuality "1"]

1. c4 f5 2. d4 Nf6 3. Nf3 g6 4. g3 Bg7 5. Bg2 O-O 6. O-O d6 7. Nc3 Qe8 8. b3
Na6 9. Ba3 c6 10. Qd3 h6 (10... Rb8 11. e4 fxe4 12. Nxe4 b5 $132) 11. Rae1 (11.
Rfe1 $6 g5 12. e4 fxe4 13. Nxe4 Nxe4 14. Qxe4 Qh5 {Cooper,J-Kotronias,V
Thessaloniki OL 1988 inf. 46/136}) (11. e4 fxe4 12. Nxe4 Nxe4 13. Qxe4 Bf5 14.
Qe3 g5 15. h3 Qf7 16. Rae1 Rae8 $132 {Dzhandzhava,L-Basin,L URS-FL56
Simferopol 1988/Petran,Pa-Tolnai,T Budapest ch Hungary 1989}) 11... g5 12. Nd2
(12. e4 fxe4 13. Nxe4 Nxe4 14. Qxe4 Qh5 $132) 12... Qg6 13. e3 (13. e4 $6 fxe4
14. Ndxe4 Bf5 {/\Rf7+Raf8 <=>}) 13... Bd7 14. f4 $14 Kh8 15. b4 Nc7 16. b5 cxb5
17. cxb5 Rab8 {><b7} 18. Rb1 gxf4 19. exf4 Qf7 {/\20. - Be6, /^f7-a2, ><d5} 20.
d5 a6 21. bxa6 bxa6 22. Nc4 {/\22.Nb6} Nb5 23. Bb2 Rfc8 $2 (23... Nxc3 24. Bxc3
Bb5 25. a4 Bxa4 26. Qxf5 $13) 24. Na4 $1 $16 {/\25.Nab6} Rc7 25. Nab6 Be8 26.
a4 (26. Qxf5 $16) 26... Ne4 27. Rfe1 $6 (27. Bxe4 $5 fxe4 28. Qxe4 Nc3 (28...
Bxb2 29. Rxb2 Nc3 30. Qd4+ (30. Qf3 Qf6 31. Rc1 $16) 30... Qg7 $132) 29. Bxc3
Bxc3 $16) (27. Bxg7+ Qxg7 28. axb5 axb5 29. Bxe4 (29. Ne3 $6 Rc3 $1 30. Nxf5 (
30. Qe2 Qd4) 30... Rxd3 31. Nxg7 Kxg7 32. Bxe4 Re3 $10) 29... fxe4 30. Qxe4
bxc4 31. Nxc4 $14) 27... Nbc3 $1 28. Bxc3 Nxc3 29. Rb3 {/\פc3} Bxa4 $1 30.
Rxc3 Rxb6 31. Ne5 dxe5 32. Rxc7 e4 33. Qa3 Bb3 $1 34. Rxe7 Qxd5 $44 {ץg2} 35.
Re8+ Kh7 36. R8xe4 Bd4+ 37. Kh1 $4 (37. Rxd4 Qxd4+ 38. Kh1 $14) 37... fxe4 38.
Bxe4+ Kg7 $19 39. Qe7+ Qf7 40. Qd8 Bc5 41. Qc8 Bf8 42. Rb1 Bd5 43. Rxb6 Bxe4+
44. Kg1 Qd5 45. Qc3+ Kh7 46. Qc7+ Kh8 47. Rb8 Qd1+ 0-1

[Event "Elenite"]
[Site "Elenite"]
[Date "1992.??.??"]
[Round "3"]
[White "Georgiev, Kiril"]
[Black "Topalov, Veselin"]
[Result "1-0"]
[WhiteElo "2610"]
[BlackElo "2520"]
[Annotator "Stohl,I"]
[PlyCount "77"]
[EventDate "1992.??.??"]
[EventType "tourn"]
[EventRounds "11"]
[EventCountry "BUL"]
[EventCategory "12"]
[SourceTitle "CBM 032"]
[Source "ChessBase"]
[SourceDate "1993.02.01"]
[SourceVersion "1"]
[SourceVersionDate "1993.02.01"]
[SourceQuality "1"]

1. d4 Nf6 2. c4 c5 3. d5 b5 4. Nf3 (4. cxb5 a6 5. b6 Qxb6 6. Nc3 d6 7. e4 (7.
a4 g6 8. a5 Qb4 $5 (8... Qb7 9. e4 Bg7 10. Be2 O-O 11. Nf3 Nbd7 12. O-O Rb8 13.
Nd2 Ne8 14. Nc4 Nc7 15. Na4 Nb5 16. Nab6 Nd4 17. Bd3 $14 {Lalic,B-Zamora,J,
Sevilla 1992,CBM 29}) 9. Nf3 Bg7 10. Nd2 O-O 11. e4 Bd7 $1 {/\Bb5} (11... Nbd7
12. Be2 Ne8 13. Ra3 Nc7 14. Rb3 Qd4 15. Qc2 Ne5 16. O-O e6 17. Rd1 Nb5 18. Ndb1
c4 19. Rxb5 $18 {Portisch,L-Plachetka,J,Cannes op 1992,TD 92_04}) 12. Ra3 e6 (
12... Bb5 $2 13. Bxb5 axb5 14. Rb3 $1 $16) 13. Be2 exd5 14. exd5 Bb5 15. Nxb5
axb5 16. Rb3 Qd4 17. Rxb5 Nxd5 18. Nc4 Nc6 $36 {Chernin,A-Milos,G,Buenos Aires
1992,TD 92_05}) 7... g6 8. a4 Bg7 9. a5 Qb4 $1 10. Ra4 Qb7 11. Bc4 (11. Bd3 O-O
12. Nge2 Bd7 13. Ra3 Ng4 14. f4 $6 c4 15. Bxc4 Qa7 16. Qb3 Qf2+ 17. Kd1 Rc8 18.
Rg1 Ra7 19. Qb6 Rac7 $17 {Lorscheid,G-Lau,R,Berlin op 1992,TD 92_03}) 11... Bd7
12. Ra3 Bb5 13. Qb3 Nbd7 14. Bxb5 axb5 15. Qxb5 Qxb5 16. Nxb5 O-O $44 {|^,
Rapoport,I-Kantorik,M,Bratislava op 1992}) 4... g6 5. cxb5 a6 6. b6 Qxb6 7. Nc3
Bg7 8. e4 O-O 9. Be2 (9. e5 $6 Ng4 $17) 9... d6 10. Nd2 Nbd7 11. O-O (11. a4
$142 $5 $14) 11... Rb8 (11... Qc7 12. a4 Rb8 13. a5 Ne8 14. Nc4 Ne5 {
Moskalenko,V-Tukmakov,V,Wijk II 1992,CBM 28} 15. Nb6 Nd7 16. Nca4 $14 {Tukmakov
}) (11... Ne5 $142 $5 {/\} 12. Kh1 g5 $132) 12. Nc4 (12. a4 $5 $14) 12... Qc7
13. Bf4 (13. a4 $1 Nb6 (13... Ne8 14. a5 {-11...Qc7}) 14. Ne3 $14) 13... Nb6
14. e5 (14. Ne3 Ne8 $1 15. Qd2 e5 16. dxe6 (16. Bg3 $2 f5 17. f4 g5 $1 $17)
16... fxe6 17. Bg3 Bd4 $13 {/\e5}) 14... Ne8 (14... Nxc4 $2 15. exf6 Nxb2 16.
fxg7 Nxd1 17. gxf8=Q+ Kxf8 18. Rfxd1 $18) 15. exd6 exd6 16. Qd2 $6 (16. Ne3 $5
$10) 16... Nxc4 17. Bxc4 Nf6 18. Rfe1 (18. h3 Nd7 $132) 18... Ng4 $1 19. Rad1 (
19. h3 Ne5 20. Bf1 Rb4 $36) 19... Bd4 20. Bg3 f5 21. Re2 $8 (21. h3 $2 f4 $19)
21... Rb4 22. b3 Qg7 $2 (22... Ne5 $2 23. Bxe5 Bxe5 24. Rxe5 $16) (22... Kh8 $1
{/\} 23. h3 Ne5 24. Bxe5+ dxe5 $1 $17) 23. Bxd6 $1 Bxc3 24. Qf4 $44 {/\Re7,Bc5,
Bf8} Rd8 25. Re7 Qf6 (25... Qh6 26. Qxh6 Nxh6 27. Bc7 $18 {o^d}) 26. Bxc5 {
/\Qc7} Rb7 (26... Be5 27. Rxe5 $18) 27. Rxb7 Be5 (27... Bxb7 28. Be7 $1 Qxe7
29. d6+ Kg7 (29... Qf7 30. Bxf7+ Kxf7 31. Qc4+ $18) 30. dxe7 Rxd1+ 31. Bf1 Nf6
32. Qc7 $18) 28. d6+ Kh8 29. Qf3 Bxh2+ 30. Kf1 Be5 31. Qd5 (31. Rf7 $5 Nh2+ 32.
Ke2 $18) 31... Bxb7 32. Qxb7 Qh4 33. d7 $18 Bf6 34. a4 $138 Qh5 35. Rd6 Ne5 36.
Qd5 (36. Rxf6 $4 Qd1#) 36... Nxc4 37. bxc4 Bg7 38. Re6 g5 39. Bb6 1-0

[Event "Elenite"]
[Site "Elenite"]
[Date "1992.??.??"]
[Round "4"]
[White "Sokolov, Ivan"]
[Black "Topalov, Veselin"]
[Result "1-0"]
[WhiteElo "2625"]
[BlackElo "2520"]
[Annotator "Ribli,Z"]
[PlyCount "93"]
[EventDate "1992.??.??"]
[EventType "tourn"]
[EventRounds "11"]
[EventCountry "BUL"]
[EventCategory "12"]
[SourceTitle "CBM 032"]
[Source "ChessBase"]
[SourceDate "1993.02.01"]
[SourceVersion "1"]
[SourceVersionDate "1993.02.01"]
[SourceQuality "1"]

1. d4 d6 2. c4 e5 3. Nc3 exd4 4. Qxd4 Nc6 5. Qd1 $5 (5. Qd2 Nf6 6. g3 $2 Be6 $1
$15 7. e4 Be7 8. b3 $2 Nxe4 $1 9. Nxe4 d5 $17 {Benko,P-Psakhis,L Aruba 1992
CBM/30}) 5... g6 6. Nf3 Bg7 7. Bg5 $1 Nge7 8. Nd5 f5 9. e3 h6 10. Bf6 Bxf6 11.
Nxf6+ Kf7 12. Nd5 Ne5 13. Nd4 c6 14. Nc3 a6 15. Be2 c5 16. Nf3 Be6 17. b3 Qa5
18. Qd2 Rad8 19. Rd1 Nxf3+ 20. Bxf3 b5 21. cxb5 axb5 22. O-O d5 (22... b4 23.
Ne2 d5 24. Nf4 $14) 23. b4 $1 Qxb4 (23... cxb4 $2 24. Ne2 $16) 24. Rb1 Qa5 25.
Rxb5 Qa7 26. Ne2 $14 Rb8 27. Ra5 Qb6 28. Nf4 Ra8 29. Rxa8 Rxa8 30. Rd1 Qb4 31.
Qc2 Ra3 32. h4 Qc3 33. Qe2 Qe5 34. Qd2 $2 (34. Qb5 $1 $14) 34... c4 (34... Qc3
$2 35. Nxe6 $1 Qxd2 36. Nd8+ Ke8 37. Rxd2 Kxd8 38. Bxd5 Nxd5 39. Rxd5+ Ke7 40.
Rxc5 Rxa2 41. h5 $1 $18) 35. Rb1 c3 36. Qc2 d4 37. Nxe6 Qxe6 38. exd4 Qc4 (
38... Qxa2 39. Qc1 $1) 39. Be2 Qxd4 40. h5 $1 Kf6 41. Qc1 Rxa2 42. Qxh6 Qc5 43.
Re1 $1 Rd2 44. Kh1 Qb4 $2 (44... Qxf2 $1 45. Qf8+ Kg5 46. Qxe7+ Kh6 $13) 45. f4
Rd8 46. Bc4 $1 c2 47. Qg5+ 1-0

[Event "Elenite"]
[Site "Elenite"]
[Date "1992.??.??"]
[Round "6"]
[White "Stohl, Igor"]
[Black "Topalov, Veselin"]
[Result "0-1"]
[WhiteElo "2560"]
[BlackElo "2520"]
[PlyCount "74"]
[EventDate "1992.??.??"]
[EventType "tourn"]
[EventRounds "11"]
[EventCountry "BUL"]
[EventCategory "12"]
[SourceTitle "CBM 032"]
[Source "ChessBase"]
[SourceDate "1993.02.01"]
[SourceVersion "1"]
[SourceVersionDate "1993.02.01"]
[SourceQuality "1"]

1. c4 f5 2. Nf3 g6 3. g3 Nf6 4. Bg2 Bg7 5. O-O O-O 6. Nc3 d6 7. d4 Qe8 8. Nd5
Nxd5 9. cxd5 Qb5 10. Ng5 h6 11. a4 Qc4 12. Ne6 Bxe6 13. dxe6 d5 14. Be3 c6 15.
Qd2 Na6 16. Bxh6 Qb4 17. Qf4 Bxh6 18. Qxh6 Rf6 19. Qf4 Rc8 20. Rfc1 Nc7 21. Rc2
Kg7 22. e3 Nxe6 23. Qf3 Rh8 24. h4 g5 25. hxg5 Nxg5 26. Qf4 Rh5 27. Kf1 Qb3 28.
Re2 Qd3 29. Rae1 Rfh6 30. g4 fxg4 31. Qxg4 Kf7 32. f3 Nh7 33. Qf4+ Nf6 34. Kg1
Rg6 35. Rf2 Rg7 36. b4 Qh7 37. Kf1 Rh2 0-1

[Event "Mesa op"]
[Site "Mesa"]
[Date "1992.??.??"]
[Round "?"]
[White "Gomez Esteban, Juan Mario"]
[Black "Topalov, Veselin"]
[Result "0-1"]
[WhiteElo "2425"]
[BlackElo "2460"]
[PlyCount "64"]
[EventDate "1992.??.??"]
[EventType "swiss"]
[EventRounds "9"]
[EventCountry "ESP"]
[SourceTitle "TD"]
[Source "ChessBase"]
[SourceDate "1994.03.01"]
[SourceVersion "1"]
[SourceVersionDate "1994.03.01"]
[SourceQuality "1"]

1. d4 Nf6 2. c4 c5 3. d5 b5 4. cxb5 a6 5. f3 g6 6. e4 d6 7. Nc3 Bg7 8. a4 O-O
9. Be3 Nbd7 10. Nh3 Ne5 11. Nf2 e6 12. dxe6 Bxe6 13. Rc1 axb5 14. Bxb5 Nc4 15.
Bxc4 Bxc4 16. b3 Ba6 17. Nd3 Qa5 18. O-O Rfe8 19. Rf2 Ng4 20. fxg4 Bxc3 21. Nf4
Rxe4 22. Nd5 Rxe3 23. Nxe3 Bd4 24. Qf3 Ra7 25. Kh1 Re7 26. Qa8+ Kg7 27. Nc4 Qb4
28. Qd8 Qe1+ 29. Rf1 Qe6 30. h3 d5 31. Nb6 Bxf1 32. Rxf1 Qe2 0-1

[Event "Mesa op"]
[Site "Mesa"]
[Date "1992.??.??"]
[Round "?"]
[White "Topalov, Veselin"]
[Black "Larsen, Bent"]
[Result "1-0"]
[WhiteElo "2460"]
[BlackElo "2535"]
[PlyCount "83"]
[EventDate "1992.??.??"]
[EventType "swiss"]
[EventRounds "9"]
[EventCountry "ESP"]
[SourceTitle "TD"]
[Source "ChessBase"]
[SourceDate "1994.03.01"]
[SourceVersion "1"]
[SourceVersionDate "1994.03.01"]
[SourceQuality "1"]

1. e4 c5 2. Nf3 Nc6 3. d4 cxd4 4. Nxd4 g6 5. Nc3 Bg7 6. Be3 Nf6 7. Bc4 O-O 8.
Bb3 a5 9. a4 Ng4 10. Qxg4 Nxd4 11. Qh4 Nxb3 12. cxb3 Ra6 13. O-O Re6 14. Rfe1
b6 15. Bh6 Bb7 16. Bxg7 Kxg7 17. Re3 f5 18. Rae1 fxe4 19. Nxe4 h6 20. Nd2 Rxe3
21. Qd4+ e5 22. Qxe3 d6 23. Nc4 Rf4 24. Rd1 Re4 25. Qc3 Qg5 26. g3 Rd4 27. Rxd4
exd4 28. Qxd4+ Kh7 29. Ne3 Qe7 30. f4 h5 31. Kf2 Qe6 32. Qc4 Qd7 33. Ke1 Bc6
34. Kd2 b5 35. axb5 Bxb5 36. Qd5 a4 37. bxa4 Bc4 38. Nxc4 Qh3 39. Qh1 Qe6 40.
Qb7+ Kg8 41. Qb8+ Kh7 42. Qa7+ 1-0

[Event "Mesa-A"]
[Site "Mesa"]
[Date "1992.??.??"]
[Round "?"]
[White "Kortschnoj, Viktor Lvovich"]
[Black "Topalov, Veselin"]
[Result "1/2-1/2"]
[WhiteElo "2585"]
[BlackElo "2460"]
[PlyCount "92"]
[EventDate "1992.??.??"]
[EventType "tourn"]
[EventRounds "9"]
[EventCountry "ESP"]
[EventCategory "11"]
[SourceTitle "EXT 2004"]
[Source "ChessBase"]
[SourceDate "2003.11.25"]
[SourceVersion "1"]
[SourceVersionDate "2003.11.25"]
[SourceQuality "1"]

1. d4 f5 2. g3 Nf6 3. Bg2 d6 4. Nc3 d5 5. Nf3 e6 6. O-O Be7 7. b3 O-O 8. Na4
Bd7 9. Nb2 Nc6 10. c4 Be8 11. Nd3 Ne4 12. Bb2 Bh5 13. Rc1 Ng5 14. Nfe5 Nxe5 15.
dxe5 c6 16. b4 Qd7 17. f3 Nf7 18. Nf4 Bg6 19. e4 Bg5 20. exd5 Bxf4 21. gxf4
cxd5 22. cxd5 exd5 23. Rc5 Qe6 24. Qxd5 Nd8 25. a3 Bf7 26. Qd2 Nc6 27. Bh3 Rad8
28. Qg2 Ne7 29. Kh1 Rd7 30. Rg1 g6 31. Qc2 Rfd8 32. Bc1 Qb3 33. Qxb3 Bxb3 34.
Bf1 Kf7 35. Be2 Nc6 36. Rc3 Nd4 37. Rxb3 Nxb3 38. Bc4+ Ke7 39. Bxb3 Rd3 40. Ba2
Rxf3 41. Re1 Rc3 42. Kg1 b6 43. b5 h5 44. Be3 Rc2 45. Bb3 Rc3 46. Ba2 Rc2
1/2-1/2

[Event "Mesa-A"]
[Site "Mesa"]
[Date "1992.??.??"]
[Round "?"]
[White "Todorcevic, Miodrag"]
[Black "Topalov, Veselin"]
[Result "0-1"]
[WhiteElo "2470"]
[BlackElo "2460"]
[PlyCount "56"]
[EventDate "1992.??.??"]
[EventType "tourn"]
[EventRounds "9"]
[EventCountry "ESP"]
[EventCategory "11"]
[SourceTitle "EXT 2004"]
[Source "ChessBase"]
[SourceDate "2003.11.25"]
[SourceVersion "1"]
[SourceVersionDate "2003.11.25"]
[SourceQuality "1"]

1. Nf3 g6 2. g3 Bg7 3. d4 Nf6 4. Bg2 O-O 5. O-O d6 6. c4 Nbd7 7. d5 Nb6 8. Nfd2
Bd7 9. a4 a5 10. Nc3 c6 11. dxc6 Bxc6 12. e4 Nfd7 13. Qc2 Bxc3 14. Qxc3 Nxa4
15. Qe3 Qb6 16. Qh6 Nac5 17. Ra3 Ne5 18. Qe3 Qb4 19. Rc3 b5 20. f4 Nxc4 21.
Nxc4 bxc4 22. f5 Nd3 23. Qh6 Nxc1 24. Rfxc1 Qxb2 25. g4 Rfc8 26. Qh4 Qd2 27.
Kh1 Rab8 28. R3c2 Qxc2 0-1

[Event "Mesa-A"]
[Site "Mesa"]
[Date "1992.??.??"]
[Round "?"]
[White "Topalov, Veselin"]
[Black "Fernandez Garcia, Jose Luis"]
[Result "1-0"]
[WhiteElo "2460"]
[BlackElo "2475"]
[PlyCount "57"]
[EventDate "1992.??.??"]
[EventType "tourn"]
[EventRounds "9"]
[EventCountry "ESP"]
[EventCategory "11"]
[SourceTitle "EXT 2004"]
[Source "ChessBase"]
[SourceDate "2003.11.25"]
[SourceVersion "1"]
[SourceVersionDate "2003.11.25"]
[SourceQuality "1"]

1. e4 Nf6 2. e5 Nd5 3. d4 d6 4. Nf3 Bg4 5. Be2 c6 6. c4 Nb6 7. Nbd2 N8d7 8.
exd6 exd6 9. O-O Be7 10. a4 a5 11. Re1 O-O 12. Ra3 c5 13. d5 Nf6 14. Re3 Qd7
15. Qb3 Bd8 16. Bd1 h6 17. Bc2 Bf5 18. Bxf5 Qxf5 19. Qd1 Bc7 20. b3 Rae8 21.
Bb2 Rxe3 22. Rxe3 Re8 23. Nh4 Qh7 24. Bxf6 Rxe3 25. fxe3 gxf6 26. Qg4+ Kf8 27.
Ne4 h5 28. Qf5 Qh6 29. Kf2 1-0

[Event "Mesa-A"]
[Site "Mesa"]
[Date "1992.??.??"]
[Round "?"]
[White "Topalov, Veselin"]
[Black "Morovic Fernandez, Ivan"]
[Result "1/2-1/2"]
[WhiteElo "2460"]
[BlackElo "2565"]
[PlyCount "45"]
[EventDate "1992.??.??"]
[EventType "tourn"]
[EventRounds "9"]
[EventCountry "ESP"]
[EventCategory "11"]
[SourceTitle "EXT 2004"]
[Source "ChessBase"]
[SourceDate "2003.11.25"]
[SourceVersion "1"]
[SourceVersionDate "2003.11.25"]
[SourceQuality "1"]

1. e4 e5 2. Nf3 Nf6 3. Nxe5 d6 4. Nf3 Nxe4 5. d4 Bg4 6. c3 c6 7. Bd3 Nf6 8.
Nbd2 Be7 9. Nf1 O-O 10. Ng3 Re8 11. O-O Bf8 12. h3 Bc8 13. Qc2 h6 14. Bd2 b6
15. Rae1 Rxe1 16. Rxe1 Bb7 17. Nf5 c5 18. Bf4 Bxf3 19. gxf3 Nc6 20. dxc5 bxc5
21. Rd1 d5 22. Be4 Qd7 23. Ne3 1/2-1/2

[Event "Mesa-A"]
[Site "Mesa"]
[Date "1992.??.??"]
[Round "?"]
[White "Topalov, Veselin"]
[Black "Romero Holmes, Alfonso"]
[Result "0-1"]
[WhiteElo "2460"]
[BlackElo "2490"]
[PlyCount "90"]
[EventDate "1992.??.??"]
[EventType "tourn"]
[EventRounds "9"]
[EventCountry "ESP"]
[EventCategory "11"]
[SourceTitle "EXT 2004"]
[Source "ChessBase"]
[SourceDate "2003.11.25"]
[SourceVersion "1"]
[SourceVersionDate "2003.11.25"]
[SourceQuality "1"]

1. d4 Nf6 2. c4 g6 3. Nc3 Bg7 4. e4 d6 5. f3 c5 6. Nge2 O-O 7. Be3 Nc6 8. d5
Ne5 9. Ng3 e6 10. Be2 exd5 11. cxd5 a6 12. a4 Bd7 13. f4 Neg4 14. Bd2 h5 15. h3
Nh6 16. O-O Re8 17. Bf3 Nfg4 18. Nce2 f5 19. Qc2 Nf6 20. e5 dxe5 21. fxe5 Rxe5
22. Nf4 Kh7 23. Bc3 Re8 24. Rad1 Qe7 25. Nge2 Qd6 26. Qb3 Rab8 27. a5 Re3 28.
Rd3 Re7 29. Qa3 Bb5 30. Rdd1 g5 31. b4 gxf4 32. bxc5 Qd7 33. c6 bxc6 34. dxc6
Qc7 35. Nxf4 Bxf1 36. Bxf6 Bxf6 37. Nd5 Qa7+ 38. Kxf1 Bh4 39. g3 Rg7 40. c7
Rbg8 41. Qc3 Bxg3 42. Rd2 Bxc7 43. Nf6+ Kh8 44. Rg2 Bxa5 45. Qxa5 Qe3 0-1